Participants Zevent 2021 - Statistiques

Statistiques générales
  • Ce quiz a été pris 286 fois
  • Le résultat moyen est 30 sur 54
Statistiques - réponses
Streamer % Correct
Zerator
99%
Inoxtag
94%
Michou
94%
Rebeudeter
89%
Gotaga
88%
Aminematué
87%
Antoine Daniel
86%
Doigby
84%
Ponce
83%
Ultia
82%
Locklear
81%
Domingo
80%
Joueur du Grenier
78%
Mister MV
77%
Maghla
75%
Etoiles
73%
Kameto
70%
Moman
66%
Sardoche
66%
Xari
64%
LittleBigWhale
63%
Rivenzi
63%
Jiraya
61%
JL Tomy
61%
Angledroit
60%
JL Amaru
59%
Deujna
58%
Jeel
58%
Lebouseuh
58%
Kotei
54%
DFG
52%
Alphacast
48%
Damdamlive
47%
Gom4rt
46%
Dach
45%
Bob Lennon
44%
Mynthos
44%
Trinity
44%
Kenny
42%
LRB
35%
Chowh1
34%
Samuel Etienne
34%
Chap
33%
Jean Massiet
31%
Gius
30%
JL Fake
28%
AlexClick
27%
Lege
26%
Lapi
25%
TPK
25%
Gob
22%
Wakz
22%
Camak
17%
Befreesh
11%
Aucun quiz correspondant
Distribution des résultats
% des personnes avec chaque résultat
Percentile par nombre de réponses
Votre historique - résultats
Vous n’avez pas pris ce quiz